Normale Ansicht MARC-Ansicht ISBD

Weimar am Ruppiner See. Die Freilandsiedlung Gildenhall / (Titelsatznr. 80689)

[ MARC ]
MARC-Details
000 -Satzkennung
Kontrollfeld mit fester Länge 00774nam a22002177a 4500
008 - Feld mit fester Länge zur physischen Beschreibung - Allgemeine Angaben
Kontrollfeld mit fester Länge 210210b ||||| |||| 00| 0 eng d
040 ## - Katalogisierungsquelle
Original-Katalogisierungsstelle STAFF
Katalogisierungssprache ger
Übertragungsstelle STAFF
Beschreibungsfestlegungen rda
041 ## - Sprachcode
Sprachcode des Textes/der Tonspur oder des separaten Titels ger
100 ## - Person oder Familie als 1. geistiger Schöpfer
Personenname Claus, Sylvia:
245 ## - Titel
Haupttitel Weimar am Ruppiner See. Die Freilandsiedlung Gildenhall /
Verantwortlichkeitsangabe Sylvia Claus
500 ## - Anmerkung
Allgemeine Anmerkung Darin enthalten: Architektur und Ethos: Otto Bartning und Adolf Meyer.
600 ## - Nebeneintragung unter einem Schlagwort - Personenname
Personenname Bartning, Otto (1883-1959)
600 ## - Nebeneintragung unter einem Schlagwort - Personenname
Personenname Meyer, Adolf (1881-1929)
650 ## - Nebeneintragung unter einem Schlagwort - Sachschlagwort
Sachschlagwort oder geografischer Name als Eintragungselement Bauhaus
653 ## - Lokales Schlagwort
Nicht-normierter Term Neuruppin / Gildenhall
773 ## - Übergeordnete Einheit
Titel Das Bauhaus in Brandenburg: Industriedesign und Handwerk im Zeichen der Moderne.
Ort, Verlag und Erscheinungsjahr Cottbus: Brandenburgische Kulturstiftung, [2019]
Verknüpfungsangaben S. 11-19
942 ## - Zusätzliche Felder (Koha)
Koha-Medientyp Aufsätze
Exemplare
Ausgeschieden Verloren Beschädigt Nicht entleihbar Permanenter Standort Aktueller Standort Aufstellungsort Eingabedatum Anzahl Ausleihen Signatur Letzte Aktivität Preis gültig von Medientyp
        Stadtarchiv Frankfurt (Oder) | Archivbibliothek Stadtarchiv Frankfurt (Oder) | Archivbibliothek Magazin 10/02/2021   III: 1903 10/02/2021 10/02/2021 Aufsätze